000 00720nam a2200205Ii 4500
003 JO-AjNU
008 230605s9999||||xx |||||||||||||| ||und||
040 _aJO-AjNU
_bara
_erda
_cJO-AjNU
041 _aara
050 1 4 _aQC792.B3222 1988
100 3 _aبدران، براهيم/ م مشارك هاني عبيد ,
_eauthor
_939969
245 0 0 _aالطاقه النوويه وحادثة تشر نوبل
250 _aط1
264 3 1 _aعمان:الجمعيه العلميه الملكيه ، 1988
300 _a336ص
336 _atext
_btxt
_2rdacontent
337 _aunmediated
_bn
_2rdamedia
338 _avolume
_bnc
_2rdacarrier
650 4 _aالطاقة -النووية-الفيزياء النووية
_939970
999 _aA16924
_c20492
_d20492